000 01258cam a22003255i 4500
001 sjds19695953
003 sjds
005 20200113174734.0
008 170608s2016 nq hc 000 0 spa
010 _a 2017386177
020 _a9789996434068
040 _aDLC
_beng
_erda
_cDLC
041 _aspa
042 _apcc
050 0 0 _aPQ7519.D3
_bZ5977 2016
100 1 _aCastillo-Valle, Julio,
_eauthor,
_eeditor.
245 1 0 _aLa caligrafia y grafologia de Ruben Dario /
_ccompilacion e introduccion de Julio Valle-Castillo.
260 _aManagua, Nicaragua :
_bFondo Cultural Caruna, R.L., Dario y Sandino
_cc2016
264 1 _aManagua, Nicaragua :
_bFondo Cultural Caruna, R.L., Dario y Sandino,
_c[2016]
264 4 _cc2016
300 _aXII, 115 pages :
_bchiefly facsimiles, portraits ;
_c27 cm
336 _atext
_btxt
_2rdacontent
337 _aunmediated
_bn
_2rdamedia
338 _avolume
_bnc
_2rdacarrier
500 _a"A 100 anos de su paso a la inmortalidad y a 150 anos de sus nacimiento."
500 _a"Fondo Cultural Dario y Sandino, de CARUNA, R.L."--Page 4 of cover.
600 1 0 _aDario, Ruben,
_d1867-1916
_vAutographs.
942 _cBK
_2ddc
999 _c23678
_d23678